000 00448nam a2200169 4500
001 145071
003 ES-MaACL
005 20230906201146.0
007 t|
008 070214s1972 sp r ||||1| spa d
100 1 _aSoto, Vicente.
_9107503
245 1 0 _aBernard, uno que volaba /
_cVicente Soto.
250 _a1ª. ed.
260 _aBarcelona :
_bPlaza & Janés,
_c1972.
300 _a255 p. ;
_c20 cm.
852 _aES-MaACL
_jC-50061
_bR.83830
999 _c145071
_d145071